UBT Library

Stretch plan : (Record no. 43395)

000 -LEADER
fixed length control field 00727pam a22002537a 4500
001 - CONTROL NUMBER
control field 13437794
005 - DATE AND TIME OF LATEST TRANSACTION
control field 20180226033822.0
008 - FIXED-LENGTH DATA ELEMENTS--GENERAL INFORMATION
fixed length control field 031218r20031996onca 001 0 eng
010 ## - LIBRARY OF CONGRESS CONTROL NUMBER
LC control number 2003284196
016 ## - NATIONAL BIBLIOGRAPHIC AGENCY CONTROL NUMBER
Record control number 20029057418
020 ## - INTERNATIONAL STANDARD BOOK NUMBER
International Standard Book Number 1552977900
035 ## - SYSTEM CONTROL NUMBER
System control number (OCoLC)ocm51086767
040 ## - CATALOGING SOURCE
Original cataloging agency NLC
Language of cataloging eng
Transcribing agency NLC
Modifying agency DLC
041 ## - LANGUAGE CODE
Language code of text/sound track or separate title eng
042 ## - AUTHENTICATION CODE
Authentication code lccopycat
080 ## - UNIVERSAL DECIMAL CLASSIFICATION NUMBER
Universal Decimal Classification number 613.71 CHR
082 04 - DEWEY DECIMAL CLASSIFICATION NUMBER
Classification number 613.71 CHR
Edition number 21
100 1# - Rafti
Rafti 4
101 ## - Shkurtesa
Shkurtesa SHMK
245 10 - TITLE STATEMENT
Title Stretch plan :
Statement of responsibility, etc Chrissie Gallagher-Mundy.
906 ## - LOCAL DATA ELEMENT F, LDF (RLIN)
a 7
b cbc
c copycat
d 2
e ncip
f 20
g y-gencatlg
942 ## - ADDED ENTRY ELEMENTS (KOHA)
Source of classification or shelving scheme
Item type Books
Holdings
Withdrawn status Lost status Source of classification or shelving scheme Damaged status Not for loan Collection code Permanent location Current location Shelving location Date acquired Total Checkouts Full call number Barcode Date last seen Price effective from Koha item type
          Koleksioni i përgjithshem UBT - Lipjan UBT - Lipjan Koleksioni i përgjithshem 02/26/2018   613.71 CHR 002-2999428 02/26/2018 02/26/2018 Books
UBT Library © 2015-2024. All rights reserved University Education for Business and Technology